| 000 | 00522nam a2200181Ia 4500 | ||
|---|---|---|---|
| 001 | 18106 | ||
| 005 | 20260306171606.0 | ||
| 008 | 260306s9999||||xx |||||||||||||| ||und|| | ||
| 041 | _aESP | ||
| 082 |
_a658.4012 _bC268 |
||
| 100 |
_aCoutinho, André _eAUT |
||
| 245 | 0 |
_aEl activista de la estrategia: _bcómo piensan y actúan los profesionales que hacen que la estrategia ocurra en las organizaciones |
|
| 260 | _c2013 | ||
| 300 |
_a206 páginas : _c |
||
| 650 | _aGEN | ||
| 654 | _aCAN | ||
| 942 |
_cLIB _dJUS _fJUS _2ddc _n |
||
| 999 |
_c18106 _d18106 |
||